logo

Bir Sreshtho Munshi Abdur Rouf Library
Jhenaidah Cadet College

বন, বনবিনাশ ও বনবাসীর জীবন সংগ্রাম / (Record no. 1836)

MARC details
000 -LEADER
fixed length control field 00743nam a2200229 a 4500
001 - CONTROL NUMBER
JCCL Control Number 1836
003 - CONTROL NUMBER IDENTIFIER
JCCL marc code BD-JhCC
005 - DATE AND TIME OF LATEST TRANSACTION
control field 20171024212517.0
008 - FIXED-LENGTH DATA ELEMENTS--GENERAL INFORMATION
fixed length control field 171024s2004 bg a|||| |||| 00| 0 ben d
020 ## - INTERNATIONAL STANDARD BOOK NUMBER
International Standard Book Number 9844940229
035 ## - SYSTEM CONTROL NUMBER
system control number (BD-JhCC)1836
040 ## - CATALOGING SOURCE
Original cataloging agency BD-JhCC
Modifying agency BD-JhCC
041 ## - LANGUAGE CODE
Language code of Book ben
082 ## - DEWEY DECIMAL CLASSIFICATION NUMBER
DDC Edition number 22
Classification number 574.52642
Author mark and Year GIN 2004
100 ## - MAIN ENTRY--PERSONAL NAME
Personal name গাইন, ফিলিপ
245 ## - TITLE STATEMENT
Title বন, বনবিনাশ ও বনবাসীর জীবন সংগ্রাম /
Statement of responsibility, etc ফিলিপ গাইন
260 ## - PUBLICATION, DISTRIBUTION, ETC. (IMPRINT)
Place of publication, distribution, etc ঢাকা :
Name of publisher, distributor, etc সোসাইটি ফর এনভায়রনমেন্ট,
Date of publication, distribution, etc ২০০৪
300 ## - PHYSICAL DESCRIPTION
Pagination 263 p. :
Other physical details ill. ;
Dimensions 22cm.
650 ## - SUBJECT ADDED ENTRY--TOPICAL TERM
Topical term or geographic name as entry element Deforestation
942 ## - ADDED ENTRY ELEMENTS (KOHA)
Source of classification or shelving scheme Dewey Decimal Classification
Koha item type Books
Holdings
Source of classification or shelving scheme Damaged status Not for loan Home library Current library Shelving location Cost, normal purchase price Total Checkouts Full call number Barcode Date last seen Copy number Koha item type Date of accession Method of acquisition Currency
Dewey Decimal Classification     JCC Rouf Library JCC Rouf Library General Stacks 250.00   574.52642 GIN 2004 2664 10/24/2017 C-1 Books      
Dewey Decimal Classification     JCC Rouf Library JCC Rouf Library General Stacks 250.00   574.52642 GIN 2004 19443 05/16/2024 C-2 Books   Purchase BDT

JCC Library | Contacts | JCC Home

Last Update on 23 September 2017
Copyright @ 2017-2020 JCC Rouf Library
Rouf Library, Jhenidah Cadet College (JCC), Bangladesh